000 00443nam a22001691i 4500
001 785
090 _a785
100 _a20170304u u u0frey50 ba
101 0 _apor
200 1 _fJean Piaget
_aIlusão ou Filosofia
210 _cEdições Rés Limitada
_aLisboa
_d1976
215 _a67 p
_d18 cm
225 2 _aTeoria e conhecimento
_v13
700 1 _aPiaget
_bJean
_4070
_f1896-1980
701 1 _aCarvalho
_bDaniela de
_4730
801 _aPT
_gRPC
990 _cLIVROS